000 00836nam0a22002531 4500
001 rc\4926069
005 20260407141038.0
021 _aRU
_bРг2051-65
035 _a(NLR Aleph) 008843779
090 _a8358945
_c8358945
100 _a20130426d1965 |||y0rusy50 ca
101 0 _arus
_ager
_aspa
102 _aRU
105 _ay z |||||
200 1 _aФизиотерапевтическое оборудование
210 _aМосква]
_cВнешторгиздат
_d[1965]
215 _a21 бр. в обл.
_d23
300 _aТекст парал. на рус., нем. и исп. яз.
712 0 2 _a"Медэкспорт", всесоюзное объединение
_3RU\NLR\AUTH\8810008531
_9514809
801 0 _aRU
_bNLR
_gpsbo
801 1 _aRU
_bELAR
_2rusmarc
852 _aNLR
_jПт 40.7/75
942 _cBOOK
980 _aNB